000 00663nam a22002297a 4500
003 LK-CoDNM
005 20241120095904.0
008 241015b |||||||| |||| 00| 0 eng d
040 _aLK-CoDNM
_dLK-CoDNM
_eLK-CoDNM
041 _aeng
080 _aPA
_bE7
245 _aAsiatica-1928( Vol.1 )
_bNo.3
246 _aA monthly record of literature dealing with the east and with Africa
260 _aLondon
_bTrubner & Co, ltd.
_c1928
300 _b18p. ; 24 cm
650 _aAsiatica-1928( Vol.1 )
650 _aNo.3
650 _aA monthly record of literature dealing with the east and with Africa
650 _aPA E7
650 _a1928
942 _cBK
999 _c231044
_d231044